Augustine and his critics (Record no. 12669)
[ view plain ]
| 000 -LEADER | |
|---|---|
| fixed length control field | 01302nam a2200325 a 4500 |
| 082 04 - DEWEY DECIMAL CLASSIFICATION NUMBER | |
| Classification number | 230/.14/092 |
| 245 00 - TITLE STATEMENT | |
| Title | Augustine and his critics |
| 260 ## - PUBLICATION, DISTRIBUTION, ETC. (IMPRINT) | |
| Place of publication | London ; |
| -- | New York : |
| Name of publisher | Routledge, |
| Year of publication | 2000. |
| 300 ## - PHYSICAL DESCRIPTION | |
| Number of Pages | xiii, 273 p. |
| 700 1# - ADDED ENTRY--PERSONAL NAME | |
| Personal name | Bonner, Gerald. |
| Personal name | Dodaro, Robert, |
| Personal name | Lawless, George. |
| 856 40 - ELECTRONIC LOCATION AND ACCESS | |
| Uniform Resource Identifier | http://site.ebrary.com/lib/rucke/Doc?id=10017367 |
No items available.
